000 00411nam a22001577a 4500
003 OSt
008 210115b ||||| |||| 00| 0 eng d
020 _a978812916660
100 _aRAJPUT, RK
245 _aText Book of Fluid Mechanics and Hydraulic Machines
250 _a1st Ed reprint 2014
260 _aNew Delhi
_bS.Chand and Company Pvt ltd
_c2014
300 _aMISC
650 _aBCE
942 _2ddc
_cBK
999 _c10379
_d10379